Importers and exporters' handbook.

Bibliographic Details
Main Author: Goh,Tianwah
Format: Book
Published: Singapore: Rank Books, 1991.
Edition:Rev. ed..
Subjects:
LEADER 00599cam a2200193 7i4500
001 0000002776
005 19991025090000.0
002 ##000004044
020 0 0 |a 981-00-3140-8  
090 0 0 |a B 382.5025   |b GOH 
100 1 0 |a Goh,Tianwah  
245 1 0 |a Importers and exporters' handbook. 
250 0 0 |a Rev. ed.. 
260 0 0 |a Singapore:   |b Rank Books,   |c 1991. 
300 0 0 |a 144 p.. 
650 0 0 |a Imports --   |x Handbooks, manuals, etc  
650 0 0 |a Exports --   |x Handbook, manuals, etc  
999 |a 000004230  |b Book  |c Open shelf  |e Business Information Centre 
999 |a 0000006381  |b Book  |c Open shelf  |e Business Information Centre